| 000 | 006280000a22001810004500 | ||
|---|---|---|---|
| 003 | MACL | ||
| 005 | 20160522131916.0 | ||
| 008 | 160522b xxu||||| |||| 00| 0 eng d | ||
| 040 |
_aMACL _cMACL |
||
| 041 | _aHindi | ||
| 082 | _a300 | ||
| 100 |
_aडॉ पूरणमल _958773 |
||
| 245 |
_aदलित संघर्ष और सामाजिक न्याय _cडॉ पूरणमल |
||
| 260 |
_bआविष्कार पब्लिशर्स डिस्टीब्यूटर्स _c2002 _aजयपुर |
||
| 350 | _a375 | ||
| 650 |
_aSociology _958774 |
||
| 942 |
_cHIN _k300 _2ddc |
||
| 999 |
_c12659 _d12659 |
||